| 000 | 00873cam a2200277 i 4500 | ||
|---|---|---|---|
| 001 | 200459817 | ||
| 003 | TR-AnTOB | ||
| 005 | 20250704144724.0 | ||
| 007 | ta | ||
| 008 | 220210u1995 tu a|||| |||| 00| 0 tur d | ||
| 040 |
_aTR-AnTOB _beng _erda _cTR-AnTOB _dTR-AnTOB |
||
| 041 | _atur | ||
| 050 | 4 | _aHF5230.5.B877 | |
| 090 |
_aHF5230.5.B877 _bB8773 1995 |
||
| 245 | 0 | 0 |
_a1995 Bursa tekstil ve sanayi rehberi / _cgenel yönetmen, Salih Oran. |
| 246 | 0 | 0 | _aBursa tekstil ve sanayi rehberi |
| 264 | 1 |
_aBursa : _bAjans Gündem, _c[1995]. |
|
| 300 |
_a180 pages, 60 unnumbered pages : _billustrations ; _c27 cm |
||
| 336 |
_2rdacontent _atext _btxt |
||
| 337 |
_2rdamedia _aunmediated _bn |
||
| 338 |
_2rdacarrier _avolume _bnc |
||
| 651 | 7 |
_aBursa (Türkiye) _xTicaret _vRehberler _2etuturkob _9145212 |
|
| 942 |
_2lcc _cBK |
||
| 999 |
_c200459817 _d78029 |
||